Регионална библиотека "Любен Каравелов" - Русе

Песен, приказка, палитра (Запис номер 143294)

MARC детайли
000 -Лидер
Контролно поле с фиксирана дължина 01925nam a2200361 a 4500
003 - Код на организацията, давaща контролен номер
Контролно поле BLK
005 - Дата и час на последна редакция
Контролно поле 20250129005527.0
008 - Елементи от данни с фиксирана дължина
fixed length control field 180409b bul|||||r ||||||| ||bul||
010 ## - Наследен системен номер
LC control number KNG00149413000
040 ## - Източник на каталожния запис
Идентификатор на билиотеката - собственик на записа BLK
041 ## - Код за език
Код за езика на текст/звукозапис или на отделно заглавие Български
Код за езика КДБФ Български
080 ## - УДК
Текстов определител УДК Българска литература
УДК код - определител по УДК 821.163.2
УДК определител -93-1
УДК - код + определител 821.163.2-93-1
080 ## - УДК
Текстов определител УДК Българска литература
УДК код - определител по УДК 821.163.2
УДК определител -93-32
УДК - код + определител 821.163.2-93-32
100 ## - Редна дума - Автор
Автор Струмски, Георги
Дати, свързани с автора 1932 - 2013
Автор - информация (биография) Писател, поет, преводач от руски език.
Пълна форма на името Йорданов, Георги Асенов
R(LIN) 375654
139 ## - Редно поле
Редна дума Струмски, Георги
Авторски знак Стро - С 87
245 10 - Сведения за заглавието
Заглавие Песен, приказка, палитра
Подзаглавни данни Стихотворения и разкази за деца
Редно поле (дума) Георги Струмски; худож. Борислав Иванов Кьосев; * Георги Асенов Йорданов.
257 ## - Страна на издаване
Страна на създаване/издаване България
260 ## - Област на издателските данни
Име на издателя, разпространителя и проч. Бълг. писател
Година на издаване 1987
Печатница София : ДП Балкан
Място на издаване, разпространение и проч. София
300 ## - Физическа характеристика
Страници 168 с.
Илюстрации и др. с цв. ил.
Размери/Мащаб 20 см
380 ## - Жанр
Жанр Детска худож. лит.
500 ## - Общи забележки
Забележка Истинското име на авт. е Георги Асенов Йорданов. - Съдържа илюстрации на деца участвували в Междунар. асамблея Знаме на мира. - 11 111 тир.
653 ## - Ключова дума – ненормативна
Ключова дума детска литература
653 ## - Ключова дума – ненормативна
Ключова дума литература за деца
700 1# - Други автори (авторска отговорност)
Лично име Кьосев, Борислав Иванов
Автороска отговорност (Описва отношението между автора и произведението) худож.
9 (RLIN) 327928
700 ## - Други автори (авторска отговорност)
Лично име Йорданов, Георги Асенов
9 (RLIN) 326703
852 ## - Местоположение
Форматна сигнатура Цб 263029
856 4# - Електронен адрес и достъп
Електронен формат pdf - файл
Инструкция (цена за достъп) 0.00
Права за достъп disable
856 4# - Електронен адрес и достъп
Електронен формат pdf - файл
Инструкция (цена за достъп) 0.00
Права за достъп disable
999 ## - СИСТЕМНИ КОНТРОЛНИ НОМЕРА
Koha biblionumber 143294
Koha biblioitemnumber 143294
942 ## - АРТИКУЛИ
Вид на библиотечния материал Книги
Скрит в OPAC Не
Периодичен библиозапис Да
Koha issues (borrowed), all copies 1
944 ## - СЪЗДАВАНЕ И РЕДАКЦИЯ на ЗАПИСА
Създаване/Редакция Създаване
Дата на регистрацията/редакция 16.08.2013
Статус, дата на статуса CRON CRON
Служител, извършил регистрацията/редакцията
944 ## - СЪЗДАВАНЕ И РЕДАКЦИЯ на ЗАПИСА
Създаване/Редакция Редакция
Дата на регистрацията/редакция 13.09.2017
Статус, дата на статуса 16.08.2013 - от С1,Р / 16.08.2013
Служител, извършил регистрацията/редакцията Севдалина_Василева
999 ## - СИСТЕМНИ КОНТРОЛНИ НОМЕРА
Koha biblioitemnumber 143294
Наличности
Код за отписване Код за изгубен артикул Източник на класификационната схема Код за повреда Коз за рестрикции Код за отдаване Артикулен № Име на библиотеката - собственик Име на библиотеката, в която се намира в момента Статус (Текущо местоположение) Дата на вписване в системата Местоположение - отдел Цена в лева Инвентарен номер Систематично азбучна сигнатура Баркод Номер на екземпляра Цена в евро Служебна бележка Служебен тип на артикула Бележка за публиката
  Не е изгубен Universal Decimal Classification Не е повреден без рестрикции ползва се в читалня 237761 Регионална библиотека "Любен Каравелов" Русе Регионална библиотека "Любен Каравелов" Русе Хранилище 1987-01-01 Хранилище 2.44 489205 Цб 263029 120000489205 1 1.25 N: стар фонд Дата: 01.01.1987 Книги  
Изтеглен Не е изгубен   Не е повреден без рестрикции заемане за дома 237762 Регионална библиотека "Любен Каравелов" Русе Регионална библиотека "Любен Каравелов" Русе   1987-01-01 Детски отдел 2.44 491194 ДХ 886.7/С 87 491194 2 1.25 N: стар фонд Дата: 01.01.1987 Дата инв: 28.09.2015 Бележки инв: Д2015 Книги Отч.N: 49/17 , Дата: 09.10.2017
  Не е изгубен Universal Decimal Classification Не е повреден без рестрикции заемане за дома 237763 Регионална библиотека "Любен Каравелов" Русе Регионална библиотека "Любен Каравелов" Русе Детски отдел 1987-01-01 Детски отдел 2.44 491190 ДХ 886.7/С 87 120000491190 3 1.25 N: стар фонд Дата: 01.01.1987 Дата инв: 28.09.2015 Бележки инв: Д2015 Книги  
Изтеглен Не е изгубен   Не е повреден без рестрикции заемане за дома 237764 Регионална библиотека "Любен Каравелов" Русе Регионална библиотека "Любен Каравелов" Русе   1987-01-01 Детски отдел 2.44 491186 ДХ 886.7/С 87 491186 4 1.25 N: стар фонд Дата: 01.01.1987 Дата инв: 28.09.2015 Бележки инв: Д2015 Книги Отч.N: 28/2017 , Дата: 16.08.2017
Vip Innovations Ltd, Rousse, Bulgaria 2025